=LDR 00000nam 2200000 4500 =001 000634 =005 20250711120742 =035 ##$$a 0010-0725000502 =007 ta =008 250711################a##########0#ind## =020 ##$$a 978-623-118-803-8 =082 ##$$a 398.209 598 =084 ##$$a 398.209 598 PEL j =100 #$$a Pelangi, Sketsa Ultra =245 1#$$a Jumlah Kembalian /$c Sketsa Ultra Pelangi =250 ##$$a cetakan kedua =260 ##$$a Jakarta Timur :$b Badan Pengembangan dan Pembinaan Bahasa,$c 2024 =300 ##$$a 24 hlm. : $b Ilus. ; $c 29,7 cm =650 #4$$a Cerita Anak - Indonesia =650 #4$$a Kesusastraan Anak =856 ##$$a TBM As-Suhada =990 ##$$a TBM04020402